• 首页
  • 本馆介绍
  • 公告通知
  • 最新文献
  • 馆藏检索
  • 电子资源
  • 读者导购
  • 参考咨询
  • 我的图书馆
  • 登录
  • 详细信息显示
  • 放入我的书架
  • 预约/预借图书
  • 作者相关作品
  • 分类相关作品
  • 丛书相关作品
  • 出版社相关作品

书目信息

  • 表格格式
  • 工作单格式
  • 卡片格式
题名:
西湖志
    
 
作者: 杭州市园林文物管理局 编
分册:  
出版信息: 上海   上海古籍出版社  1995.12
页数: 1113页
开本: 32开
丛书名:
单 册:
中图分类: K928.43
科图分类:
主题词: 中国 , 地理
电子资源:
ISBN: 7-5325-1943-0
000 00593nam0 2200205 45
001 0106211515
005 20031219104050.7
010    @a7-5325-1943-0@b精装@dCNY225.00
100    @a20010621d1995 km y0chiy0120 ea
101 0  @achi
105    @a z 000yy
200 1  @a西湖志@AXi Hu Zhi@f杭州市园林文物管理局编@FHang Zhou Shi Yuan Lin Wen Wu Guan Li Ju Bian
210    @a上海@c上海古籍出版社@d1995.12
215    @a1113页@d32开
606 0  @x中国
606 0  @a地理
690    @aK928.43@v4
701    @a杭州市园林文物管理局@4编
801    @aCN@bTSTC@c20010621
905    @f1@b298679@dK928.43@e220
    
    西湖志/杭州市园林文物管理局编.-上海:上海古籍出版社,1995.12
    1113页;32开
    
    
    ISBN 7-5325-1943-0(精装):CNY225.00
    
●
相关链接 在E读中查询图书 在五车中查询图书 在当当中查询图书 在豆瓣中查询图书


正题名:西湖志     索取号:K928.43/220         预约/预借

序号 登录号 条形码 馆藏地/架位号 状态 备注
1 0298679   202986796   第二样本阅览室/ [索取号:K928.43/220] 在馆    
唐山师范学院图书馆 欢迎您!
大连网信软件有限公司© 版权所有